| 000 | 00923nam a22002537a 4500 | ||
|---|---|---|---|
| 001 | 4057 | ||
| 003 | FISKH | ||
| 005 | 20240604112725.0 | ||
| 008 | 240604b cb ||||| |||| 00| 0 eng d | ||
| 020 | _a090129894994 | ||
| 040 |
_aFISKH _beng _cFISKH _dFISKH |
||
| 100 |
_aGorbaty, Norman _eauthor |
||
| 245 |
_aTubby Time for Little Ernie / _cIllustrated by Norman Gorbaty |
||
| 260 |
_aNew York : _bChildren's Television Workshop , Seasame Street Muppets ; _c1998 , 1987 |
||
| 300 |
_a10 unnumbered pages : _bcolor illustrations ; _c20 cm . |
||
| 490 | _aSesame Street | ||
| 505 | _aC | ||
| 520 | _aSplish-splash, guess who's taking a bath? It's Little Ernie, and he's having a bubbly time getting clean with his rubber duckie and toy boats! | ||
| 521 | 8 |
_a100
_bLexile estimate |
|
| 521 | 8 |
_aC
_bRaz-Plus |
|
| 700 |
_aGorbaty, Norman _eillustrator |
||
| 942 |
_2ddc _cBK _n0 |
||
| 999 |
_c4057 _d4057 |
||